Metalworking Science and Engineering /

Uložené v:
Podrobná bibliografia
Hlavný autor: Mielnik, Edward M. (Autor)
Médium: Kniha
Jazyk:English
Vydavateľské údaje: New York McGraw-Hill 1991
Predmet:
Tagy: Pridať tag
Žiadne tagy, Buďte prvý, kto otaguje tento záznam!

MARC

LEADER 00000nam a22000003a 4500
001 0091549
003 SK-STU
005 20211115131652.4
007 ta
008 211115s ----xo-----e------000-0-----d
020 |a 0-07-041904-3 
040 |a STU  |b slo 
041 0 |h eng 
044 |a xxu 
100 1 |a Mielnik, Edward M.  |4 aut 
245 1 0 |a Metalworking Science and Engineering /  |c aut. Edward M Mielnik 
260 |a New York  |b McGraw-Hill  |c 1991 
300 |a 976 s. 
650 0 7 |a kovy 
650 0 7 |a tvárnenie 
650 0 7 |a tvárnenie kovov 
996 |b 284M088891  |c M* 14539-1  |l MMKN  |s A  |a 24  |w 0091549_0001